000 00739nam a22002531 4500
001 34421
003 BD-RjUL
005 20211209052145.0
008 140517s1972 ii b 001 0 eng d
035 _a(BD-RjUL)34515
040 _aDLC
_cDLC
_dDLC
_dBD-RjUL
_beng
041 _aeng
082 0 0 _a060.301
_bETM 1972
100 1 _aEtzioni, Amitai.
_95201
245 1 0 _aModern organizations /
_cby Amitai Etzioni,
260 _aNew Delhi :
_bPrentice-Hall
_c1972.
300 _avii, 120 p. ;
_c23 cm.
490 0 _aFoundations of modern sociology series
504 _aBibliography: p. 117-118. Bibliographical footnotes.
650 0 _a social organization
_95144
942 _2ddc
_cBK
999 _c34421
_d34421